00950nam a2200229 a 4500001001000000003000500010005001700015008004100032010001100073011001100084040000900095100002700104245017400131260004100305500006000346502007100406650005800477650003700535650004700572650003100619856007000650000114318CHAP20220329144436.0180110s2017 mx a fsm |||||||spa d a110779 a111751 cCHAP1 aCruz Martínez, Edgar10aAnálisis de lluvias atípicas consecutivas para el diseño del drenaje agrícola en el municipio de Huimanguillo,Tabasco /h[En línea]cpor Edgar Cruz Martínez. aChapingo, Méx. :bEl autor,c2017. aPara ver el contenido del material haga clic en la liga aTesis (Ing. en Irrigación) -- UACH. Departamento de Irrigación14aCuencas hidrográficasxInnovaciones tecnológicas.14aEscurrimientosxAprovechamiento.14aPrecipitación (Meteorología)xTabasco.14aSuelosxBalance hídrico. aFinding aiduhttp://10.13.5.2/tesis/sist114318.pdfzTeclea aquí